00224nam a22000977a 4500040000700000082000800007100002300015245004100038260004000079300000700119 cHS a630 aPATRICK J. LUDGATE aOn farm research on small ruminants apertanlanbPATRICK J. LUDGATEc1989 aNA